[Event "Foment Martinenc op-A 23rd"]
[Site "Barcelona"]
[Date "2023.06.17"]
[Round "9"]
[White "Bibilashvili, Lali"]
[Black "Lopez Santana, Oscar"]
[Result "1/2-1/2"]
[WhiteElo "1880"]
[BlackElo "2095"]
[PlyCount "100"]
[EventDate "2023.04.22"]
[EventType "swiss"]
[EventRounds "9"]
[EventCountry "ESP"]
[SourceTitle "EXT 2024"]
[Source "ChessBase"]
[SourceDate "2023.10.10"]
[SourceVersion "1"]
[SourceVersionDate "2023.10.10"]
[SourceQuality "1"]

1. Nf3 e6 2. g3 b5 3. Bg2 Bb7 4. c3 c5 5. 0-0 Nf6 6. a4 b4 7. d3 d5 8. cxb4 cxb4 9. a5 Bd6 10. Nbd2 0-0 11. Nb3 h6 12. Be3 Ng4 13. Bc5 Na6 14. Bxd6 Qxd6 15. Qd2 e5 16. h3 Nf6 17. d4 e4 18. Ne5 Rac8 19. Rfc1 Bc6 20. Nxc6 Rxc6 21. Rxc6 Qxc6 22. e3 h5 23. Bf1 h4 24. gxh4 Nh7 25. Qe2 Nc7 26. Rc1 Qd6 27. Qh5 f5 28. Kh1 Ne6 29. Bb5 Nf6 30. Qg6 f4 31. h5 fxe3 32. fxe3 Qe7 33. h6 Qf7 34. Qxf7+ Rxf7 35. hxg7 Rxg7 36. Rg1 Ng5 37. h4 Nf3 38. Rxg7+ Kxg7 39. a6 Ng4 40. Na5 Nxe3 41. Nc6 Nc4 42. Bxc4 dxc4 43. Nxb4 Nxd4 44. Kg2 e3 45. Nd5 e2 46. Kf2 Kh6 47. Nc3 Kh5 48. Nxe2 Nc6 49. Nc3 Nb4 50. Nb5 Nxa6 1/2-1/2

[Event "Catalunya-chT Gp1"]
[Site "Barcelona"]
[Date "2022.03.19"]
[Round "9.9"]
[White "Lopez Santana, Oscar"]
[Black "Asatryan, Levon"]
[Result "1-0"]
[WhiteElo "2119"]
[BlackElo "1647"]
[PlyCount "56"]
[EventDate "2022.01.22"]
[EventType "team-tourn"]
[EventRounds "9"]
[EventCountry "ESP"]
[SourceTitle "CBM 208 Extra"]
[Source "ChessBase"]
[SourceDate "2022.07.31"]
[SourceVersion "1"]
[SourceVersionDate "2022.07.31"]
[SourceQuality "1"]
[WhiteTeam "Foment Martinenc"]
[BlackTeam "Gramenet"]
[WhiteTeamCountry "ESP"]
[BlackTeamCountry "ESP"]

1. e4 d5 2. exd5 Qxd5 3. Nc3 Qa5 4. Bc4 Nf6 5. d3 c6 6. Bd2 e5 7. Qe2 Be7 8. Nf3 Nbd7 9. 0-0 Qc7 10. Rae1 b5 11. Bb3 b4 12. Ne4 c5 13. Neg5 0-0 14. Nxf7 Rxf7 15. Ng5 Bb7 16. Nxf7 Kf8 17. Ng5 Qc6 18. f4 c4 19. Bxc4 Bc5+ 20. Kh1 Re8 21. f5 Nh5 22. Ne6+ Ke7 23. Nxc5 Nxc5 24. Qxe5+ Kf8 25. Qxe8+ Qxe8 26. Rxe8+ Kxe8 27. Bxb4 Nd7 28. Re1+ Kd8 1-0

[Event "Catalunya-chT Gp1"]
[Site "Barcelona"]
[Date "2022.01.22"]
[Round "1.9"]
[White "Travesset Ribera, Daniel"]
[Black "Lopez Santana, Oscar"]
[Result "1-0"]
[WhiteElo "2101"]
[BlackElo "2119"]
[PlyCount "45"]
[EventDate "2022.01.22"]
[EventType "team-tourn"]
[EventRounds "9"]
[EventCountry "ESP"]
[SourceTitle "CBM 206 Extra"]
[Source "ChessBase"]
[SourceDate "2022.03.31"]
[SourceVersion "1"]
[SourceVersionDate "2022.03.31"]
[SourceQuality "1"]
[WhiteTeam "Sant Andreu"]
[BlackTeam "Foment Martinenc"]
[WhiteTeamCountry "ESP"]
[BlackTeamCountry "ESP"]

1. Nf3 e6 2. c4 f5 3. g3 Nf6 4. Bg2 c6 5. Nc3 d5 6. 0-0 Be7 7. d3 0-0 8. cxd5 cxd5 9. e4 dxe4 10. dxe4 Qxd1 11. Rxd1 Nc6 12. exf5 exf5 13. Bf4 h6 14. Ne5 Nxe5 15. Bxe5 Ng4 16. Bd4 f4 17. Nd5 Bd6 18. Nxf4 Bxf4 19. gxf4 Rxf4 20. h3 Nf6 21. Be5 Rf5 22. Rd8+ Kf7 23. Bxf6 1-0

[Event "Catalunya-chT GpB final"]
[Site "Barcelona"]
[Date "2019.03.23"]
[Round "3.10"]
[White "Fernandez Climent, Albert"]
[Black "Lopez Santana, Oscar"]
[Result "0-1"]
[WhiteElo "1580"]
[BlackElo "2082"]
[PlyCount "84"]
[EventDate "2019.03.09"]
[EventType "team-tourn"]
[EventRounds "4"]
[EventCountry "ESP"]
[SourceTitle "EXT 2020"]
[Source "ChessBase"]
[SourceDate "2019.10.17"]
[SourceVersion "1"]
[SourceVersionDate "2019.10.17"]
[SourceQuality "1"]
[WhiteTeam "Cerdanyola Valles"]
[BlackTeam "Foment Martinenc"]
[WhiteTeamCountry "ESP"]
[BlackTeamCountry "ESP"]

1. e4 e6 2. d4 d5 3. Bd3 c5 4. exd5 exd5 5. Nf3 Nc6 6. b3 cxd4 7. Bb2 Bb4+ 8. Nbd2 Bc3 9. Qe2+ Nge7 10. 0-0-0 Bg4 11. h3 Bh5 12. g4 Bg6 13. Nh4 Qa5 14. a3 Bxb2+ 15. Kxb2 Qc3+ 16. Ka2 Bxd3 17. Qxd3 Qxd3 18. cxd3 0-0 19. b4 Rfe8 20. Nb3 Ng6 21. Nxg6 fxg6 22. Rhe1 a6 23. Nc5 Rf8 24. Re2 Rf3 25. Nxb7 Na7 26. h4 Nb5 27. Rc1 Nc3+ 28. Rxc3 dxc3 29. Nc5 Rf4 30. Kb3 Rxg4 31. Kxc3 Rxh4 32. Re5 Rf4 33. Rxd5 h5 34. Ne4 h4 35. Rg5 h3 36. Rg1 h2 37. Rh1 Rh4 38. Ng5 Rf8 39. Ne4 Rff4 40. Kb3 Kf8 41. Ng5 Rxf2 42. Ne4 Rg2 0-1

[Event "Catalunya-chT Gp2"]
[Site "Barcelona"]
[Date "2017.03.04"]
[Round "7.9"]
[White "Lopez Santana, Oscar"]
[Black "Rivas Garcia, Victor"]
[Result "1/2-1/2"]
[WhiteElo "2121"]
[BlackElo "2218"]
[PlyCount "81"]
[EventDate "2017.01.21"]
[EventType "team-tourn"]
[EventRounds "7"]
[EventCountry "ESP"]
[SourceTitle "EXT 2018"]
[Source "ChessBase"]
[SourceDate "2017.10.13"]
[SourceVersion "1"]
[SourceVersionDate "2017.10.13"]
[SourceQuality "1"]
[WhiteTeam "Foment Martinenc"]
[BlackTeam "Barbera"]
[WhiteTeamCountry "ESP"]
[BlackTeamCountry "ESP"]

1. e4 c5 2. Nc3 Nc6 3. Bb5 Na5 4. d3 a6 5. Ba4 b5 6. Bb3 e6 7. Nf3 Bb7 8. Bd2 d6 9. 0-0 Rc8 10. a3 Nxb3 11. cxb3 Nf6 12. Ne2 Be7 13. Ng3 0-0 14. Qe2 d5 15. e5 Nd7 16. d4 g6 17. Rac1 cxd4 18. Nxd4 Nc5 19. Bb4 Qd7 20. Qe3 Ne4 21. Bxe7 Qxe7 22. f3 Nxg3 23. hxg3 Rxc1 24. Rxc1 Rc8 25. Rxc8+ Bxc8 26. Qc3 Bb7 27. f4 f6 28. Nf3 fxe5 29. Qxe5 d4 30. Nxd4 Bd5 31. b4 Qd7 32. g4 Qc8 33. Kh2 Qc4 34. g5 Qf1 35. Qb8+ Kf7 36. Qc7+ Kg8 37. Qd8+ Kf7 38. Qd7+ Kg8 39. Qe8+ Kg7 40. Qe7+ Kg8 41. Qe8+ 1/2-1/2

[Event "Catalunya-chT Gp2"]
[Site "Barcelona"]
[Date "2017.02.11"]
[Round "4.9"]
[White "Nazarenus, Moritz"]
[Black "Lopez Santana, Oscar"]
[Result "1-0"]
[WhiteElo "2221"]
[BlackElo "2121"]
[PlyCount "83"]
[EventDate "2017.01.21"]
[EventType "team-tourn"]
[EventRounds "7"]
[EventCountry "ESP"]
[SourceTitle "CBM 176 Extra"]
[Source "ChessBase"]
[SourceDate "2017.03.02"]
[SourceVersion "1"]
[SourceVersionDate "2017.03.02"]
[SourceQuality "1"]
[WhiteTeam "Barcelona Escola Escacs"]
[BlackTeam "Foment Martinenc"]
[WhiteTeamCountry "ESP"]
[BlackTeamCountry "ESP"]

1. d4 e6 2. Nf3 Nf6 3. c4 c5 4. d5 exd5 5. cxd5 d6 6. Nc3 g6 7. g3 Bg7 8. Bg2 0-0 9. 0-0 a6 10. a4 Qc7 11. Bf4 Nbd7 12. Nd2 Nh5 13. Nc4 Nxf4 14. gxf4 f5 15. Qc2 b6 16. Rfc1 Rb8 17. Na3 Nf6 18. e3 Re8 19. Rab1 Bd7 20. Bf1 Ra8 21. Bd3 Kh8 22. b3 Bc8 23. b4 Bb7 24. Qb3 Rab8 25. bxc5 Qxc5 26. Ncb5 Qxd5 27. Qxd5 Bxd5 28. Nc7 Red8 29. Nxa6 Ra8 30. Rxb6 Be4 31. Be2 Nd5 32. Rb3 Rdc8 33. Rxc8+ Rxc8 34. Rb8 Rxb8 35. Nxb8 Nc3 36. Bb5 Nxb5 37. Nxb5 Bd3 38. Nd4 d5 39. a5 Bf8 40. a6 Bc5 41. Ndc6 Bb5 42. a7 1-0

[Event "Catalunya-chT Gp2"]
[Site "Barcelona"]
[Date "2017.02.04"]
[Round "3.10"]
[White "Arus Blanch, Daniel"]
[Black "Lopez Santana, Oscar"]
[Result "1-0"]
[WhiteElo "2056"]
[BlackElo "2121"]
[PlyCount "67"]
[EventDate "2017.01.21"]
[EventType "team-tourn"]
[EventRounds "7"]
[EventCountry "ESP"]
[SourceTitle "CBM 176 Extra"]
[Source "ChessBase"]
[SourceDate "2017.03.02"]
[SourceVersion "1"]
[SourceVersionDate "2017.03.02"]
[SourceQuality "1"]
[WhiteTeam "Terrassa"]
[BlackTeam "Foment Martinenc"]
[WhiteTeamCountry "ESP"]
[BlackTeamCountry "ESP"]

1. e4 e6 2. d4 d5 3. Nc3 Nf6 4. e5 Nfd7 5. f4 c5 6. Nf3 Nc6 7. Be3 Qb6 8. Na4 Qa5+ 9. c3 cxd4 10. b4 Nxb4 11. cxb4 Bxb4+ 12. Bd2 Bxd2+ 13. Nxd2 b5 14. Nb2 Nb6 15. a4 bxa4 16. Nxa4 0-0 17. Nxb6 Qxb6 18. Bd3 Bd7 19. 0-0 g6 20. Qg4 Rfc8 21. Qe2 Rc3 22. g4 Qc5 23. Rfb1 a5 24. Nb3 Qc7 25. Kg2 Bb5 26. Bxb5 Rc2 27. Nd2 Qc3 28. Rd1 Rb8 29. Kg1 Rxb5 30. Qxb5 Rxd2 31. Rxd2 Qxd2 32. Qf1 Qe3+ 33. Qf2 Qh3 34. Qg3 1-0

[Event "Catalunya-chT Gp2"]
[Site "Barcelona"]
[Date "2017.01.28"]
[Round "2.10"]
[White "Lopez Santana, Oscar"]
[Black "Campins Machado, Francesc"]
[Result "1-0"]
[WhiteElo "2121"]
[BlackElo "2058"]
[PlyCount "95"]
[EventDate "2017.01.21"]
[EventType "team-tourn"]
[EventRounds "7"]
[EventCountry "ESP"]
[SourceTitle "CBM 176 Extra"]
[Source "ChessBase"]
[SourceDate "2017.03.02"]
[SourceVersion "1"]
[SourceVersionDate "2017.03.02"]
[SourceQuality "1"]
[WhiteTeam "Foment Martinenc"]
[BlackTeam "Sant Josep de Badalona"]
[WhiteTeamCountry "ESP"]
[BlackTeamCountry "ESP"]

1. e4 c5 2. Nc3 e6 3. f4 d5 4. Nf3 dxe4 5. Nxe4 Be7 6. g3 Nf6 7. Nf2 Nc6 8. Bg2 0-0 9. 0-0 Qc7 10. Nd3 b6 11. Nde5 Bb7 12. Qe2 Nd4 13. Nxd4 Bxg2 14. Kxg2 cxd4 15. c4 dxc3 16. dxc3 Rad8 17. c4 Bc5 18. Be3 Bd4 19. Bxd4 Rxd4 20. Rad1 Rfd8 21. Rxd4 Rxd4 22. Rd1 Qb7+ 23. Kh3 Rxd1 24. Qxd1 g6 25. Qd4 Qe4 26. Qxe4 Nxe4 27. Nc6 Nd6 28. Nxa7 Nxc4 29. Nc8 b5 30. Na7 b4 31. b3 Ne3 32. Nc6 Nd5 33. Kg2 Kf8 34. Kf3 Ke8 35. Ke2 f6 36. Kd3 Kd7 37. Nd4 Kd6 38. Kc4 Nc3 39. a4 Nd5 40. Nc2 e5 41. fxe5+ fxe5 42. Nxb4 Ne3+ 43. Kb5 Nf1 44. Kb6 Nd2 45. a5 Nxb3 46. a6 Nc5 47. a7 Nd7+ 48. Kb5 1-0

[Event "Roncana op-A 10th"]
[Site "Santa Eulalia de Roncana"]
[Date "2016.11.12"]
[Round "7"]
[White "Lopez Santana, Oscar"]
[Black "Bardera Gil, Sergi"]
[Result "1-0"]
[WhiteElo "2123"]
[BlackElo "2059"]
[PlyCount "45"]
[EventDate "2016.09.24"]
[EventType "swiss"]
[EventRounds "8"]
[EventCountry "ESP"]
[SourceTitle "EXT 2018"]
[Source "ChessBase"]
[SourceDate "2017.10.13"]
[SourceVersion "1"]
[SourceVersionDate "2017.10.13"]
[SourceQuality "1"]

1. e4 c5 2. Nc3 Nc6 3. Bb5 a6 4. Bxc6 dxc6 5. d3 Nf6 6. h3 e5 7. f4 Bd6 8. f5 g6 9. fxg6 hxg6 10. Bg5 Be7 11. Qd2 Be6 12. Nf3 Qc7 13. 0-0-0 b5 14. Qf2 Qd6 15. Rhf1 a5 16. Nxe5 Nxe4 17. Nxe4 Qxe5 18. Bxe7 Kxe7 19. Nxc5 Qg5+ 20. Kb1 Rhe8 21. Rde1 Qd5 22. Rxe6+ fxe6 23. Qf7+ 1-0

[Event "Roncana op-A 10th"]
[Site "Santa Eulalia de Roncana"]
[Date "2016.10.08"]
[Round "3"]
[White "Ventos Alfonso, Alba"]
[Black "Lopez Santana, Oscar"]
[Result "0-1"]
[WhiteElo "1782"]
[BlackElo "2123"]
[PlyCount "102"]
[EventDate "2016.09.24"]
[EventType "swiss"]
[EventRounds "8"]
[EventCountry "ESP"]
[SourceTitle "EXT 2018"]
[Source "ChessBase"]
[SourceDate "2017.10.13"]
[SourceVersion "1"]
[SourceVersionDate "2017.10.13"]
[SourceQuality "1"]

1. e4 e6 2. d4 d5 3. Nd2 Nc6 4. Bb5 Bd7 5. Ne2 a6 6. Ba4 Na5 7. Bxd7+ Qxd7 8. 0-0 c5 9. c3 Nc6 10. dxc5 Bxc5 11. Nb3 Be7 12. exd5 exd5 13. Be3 Nf6 14. Nc5 Qc7 15. Nd3 0-0 16. Nd4 Nxd4 17. Bxd4 Ne4 18. Re1 Bf6 19. Nb4 Qc4 20. Bxf6 Nxf6 21. Qf3 Rfd8 22. Nc2 b5 23. Ne3 Qe4 24. Qxe4 dxe4 25. Rad1 g6 26. Nc2 a5 27. Nd4 b4 28. Nc6 Rxd1 29. Rxd1 bxc3 30. bxc3 Kg7 31. c4 Rc8 32. Ne5 Rc5 33. Nd7 Nxd7 34. Rxd7 Rxc4 35. Kf1 Ra4 36. Rd2 f5 37. Ke2 Kf6 38. Rb2 Ra3 39. Rd2 f4 40. Ke1 Ke5 41. Rd7 Rxa2 42. Re7+ Kd4 43. Rxh7 Rb2 44. Ra7 Rb5 45. Kd2 e3+ 46. fxe3+ fxe3+ 47. Ke2 Rb2+ 48. Kf1 Rf2+ 49. Kg1 Rf5 50. Ra6 e2 51. Re6 Rf1# 0-1

[Event "Catalunya-chT Gp1 final"]
[Site "Barcelona"]
[Date "2016.04.09"]
[Round "3.3"]
[White "Lopez Santana, Oscar"]
[Black "Bruned Segura, Mario"]
[Result "1-0"]
[WhiteElo "2202"]
[BlackElo "2124"]
[PlyCount "80"]
[EventDate "2016.03.12"]
[EventType "team-tourn"]
[EventRounds "4"]
[EventCountry "ESP"]
[SourceTitle "EXT 2017"]
[Source "ChessBase"]
[SourceDate "2016.10.25"]
[SourceVersion "1"]
[SourceVersionDate "2016.10.25"]
[SourceQuality "1"]
[WhiteTeam "Foment Martinenc"]
[BlackTeam "Lleida"]
[WhiteTeamCountry "ESP"]
[BlackTeamCountry "ESP"]

1. e4 e5 2. Nf3 Nf6 3. Bc4 Nxe4 4. Nc3 Nxc3 5. dxc3 f6 6. 0-0 d6 7. Nh4 g6 8. f4 Qe7 9. f5 Qg7 10. Qd3 g5 11. Nf3 Be7 12. Be3 Bd7 13. b4 a6 14. Bb3 h5 15. Nd2 Nc6 16. Ne4 Qh7 17. Rf2 Qh6 18. a4 Qf8 19. Nxg5 fxg5 20. f6 Qh6 21. fxe7 Nxe7 22. Bf7+ Kd8 23. h4 Qh7 24. Bxg5 Qxd3 25. cxd3 Bg4 26. Bg6 Be6 27. Bxh5 Rxh5 28. Rf8+ Kd7 29. Rxa8 Nc8 30. b5 a5 31. Rxa5 Nb6 32. Ra7 Rh8 33. a5 Nd5 34. c4 Nb4 35. Rxb7 Kc8 36. Ra7 Kb8 37. b6 Nxd3 38. Rxc7 Nc5 39. Be7 Bxc4 40. Bxd6 Ne4 1-0

[Event "Catalunya-chT Gp1"]
[Site "Barcelona"]
[Date "2016.02.27"]
[Round "6.2"]
[White "Lopez Santana, Oscar"]
[Black "Avila Jimenez, Xavier"]
[Result "0-1"]
[WhiteElo "2202"]
[BlackElo "2200"]
[PlyCount "145"]
[EventDate "2016.01.23"]
[EventType "team-tourn"]
[EventRounds "7"]
[EventCountry "ESP"]
[SourceTitle "EXT 2017"]
[Source "ChessBase"]
[SourceDate "2016.10.25"]
[SourceVersion "1"]
[SourceVersionDate "2016.10.25"]
[SourceQuality "1"]
[WhiteTeam "Foment Martinenc"]
[BlackTeam "Barcelona Escola Escacs"]
[WhiteTeamCountry "ESP"]
[BlackTeamCountry "ESP"]

1. e4 c6 2. d4 d5 3. Nc3 dxe4 4. Nxe4 Bf5 5. Ng3 Bg6 6. N1e2 e6 7. Nf4 Bd6 8. Ngh5 Kf8 9. Bc4 Nf6 10. Nxg6+ hxg6 11. Nf4 Qb6 12. c3 Nbd7 13. Qb3 Qc7 14. g3 e5 15. Ne2 Nb6 16. Be3 Ng4 17. 0-0-0 Nxc4 18. Qxc4 b5 19. Qd3 Nxe3 20. fxe3 Re8 21. e4 Qa5 22. Kb1 Rh5 23. h4 b4 24. d5 c5 25. g4 Rh8 26. h5 gxh5 27. gxh5 bxc3 28. Qxc3 Qa4 29. Ng3 Rb8 30. Qc2 Qxc2+ 31. Kxc2 Rb4 32. Nf5 Be7 33. d6 Bd8 34. Rde1 Kg8 35. a3 Rb6 36. Rd1 Kh7 37. Rd5 Rb5 38. d7 Rb7 39. Rhd1 Rf8 40. Rxc5 g6 41. Ne3 gxh5 42. Rc8 Kg6 43. Nf5 Kg5 44. Rd5 Kf4 45. Kd3 Rh8 46. Nd6 Rxd7 47. Nxf7 Rxf7 48. Rcxd8 Rxd8 49. Rxd8 h4 50. Rh8 Kg3 51. Rg8+ Kf3 52. Rh8 Kg3 53. Rg8+ Kh2 54. b4 h3 55. Rg5 Kh1 56. Rxe5 h2 57. Rg5 Rf1 58. e5 Rg1 59. Rh5 Kg2 60. b5 h1Q 61. Rxh1 Rxh1 62. Ke4 Kg3 63. Kf5 Kf3 64. e6 Rh5+ 65. Kf6 Rxb5 66. e7 Rb8 67. Kf7 Ke4 68. e8Q+ Rxe8 69. Kxe8 a5 70. Kd7 Kd5 71. Kc7 Kc5 72. Kb7 Kb5 73. Ka7 0-1

[Event "Catalunya-chT Gp1"]
[Site "Barcelona"]
[Date "2016.02.13"]
[Round "4.1"]
[White "Lopez Santana, Oscar"]
[Black "Iglesias, Jorge"]
[Result "0-1"]
[WhiteElo "2202"]
[BlackElo "2284"]
[PlyCount "68"]
[EventDate "2016.01.23"]
[EventType "team-tourn"]
[EventRounds "7"]
[EventCountry "ESP"]
[SourceTitle "EXT 2017"]
[Source "ChessBase"]
[SourceDate "2016.10.25"]
[SourceVersion "1"]
[SourceVersionDate "2016.10.25"]
[SourceQuality "1"]
[WhiteTeam "Foment Martinenc"]
[BlackTeam "Sant Josep de Badalona"]
[WhiteTeamCountry "ESP"]
[BlackTeamCountry "ESP"]

1. e4 c5 2. Nc3 Nc6 3. Bb5 e6 4. Bxc6 bxc6 5. d3 Ne7 6. f4 Ng6 7. Nf3 Qc7 8. 0-0 Be7 9. f5 Ne5 10. fxe6 dxe6 11. Bf4 Bd6 12. Kh1 0-0 13. Nxe5 Bxe5 14. Qf3 Bxf4 15. Qxf4 Qxf4 16. Rxf4 c4 17. dxc4 Ba6 18. b3 Rad8 19. Rf2 Rd4 20. Rd1 c5 21. Rfd2 e5 22. Rxd4 cxd4 23. Nd5 f5 24. exf5 Bb7 25. g4 Rc8 26. Rd2 Kf7 27. Kg2 Bxd5+ 28. cxd5 Ke7 29. c4 dxc3 30. Rc2 Kd6 31. Kf3 Kxd5 32. Ke3 a5 33. a3 a4 34. b4 Kc4 0-1

[Event "Roncana op-A 9th"]
[Site "Santa Eulalia de Roncana"]
[Date "2015.11.14"]
[Round "6"]
[White "Costa Trave, Jaume"]
[Black "Lopez Santana, Oscar"]
[Result "0-1"]
[WhiteElo "2070"]
[BlackElo "2274"]
[PlyCount "74"]
[EventDate "2015.10.03"]
[EventType "swiss"]
[EventRounds "8"]
[EventCountry "ESP"]
[SourceTitle "EXT 2017"]
[Source "ChessBase"]
[SourceDate "2016.10.25"]
[SourceVersion "1"]
[SourceVersionDate "2016.10.25"]
[SourceQuality "1"]

1. f4 Nf6 2. Nf3 g6 3. e3 Bg7 4. Bc4 d5 5. Bb3 c5 6. c3 0-0 7. d4 Bf5 8. 0-0 Nbd7 9. Ne5 c4 10. Bc2 Bxc2 11. Qxc2 Qc7 12. Nd2 e6 13. b3 b5 14. Ba3 cxb3 15. axb3 Rfc8 16. Rac1 a5 17. Qd3 Qb7 18. c4 b4 19. Bb2 a4 20. bxa4 Rxa4 21. c5 Nxe5 22. fxe5 Ne4 23. Nxe4 dxe4 24. Qb3 Qc6 25. Ra1 Rca8 26. Rxa4 Rxa4 27. Bc1 Ra5 28. Bb2 Qb5 29. Ra1 Rxa1+ 30. Bxa1 Qa6 31. Bb2 Qe2 32. Qxb4 Bh6 33. h3 Bxe3+ 34. Kh1 Qf1+ 35. Kh2 Bf4+ 36. g3 Qf2+ 37. Kh1 Bxg3 0-1

[Event "Roncana op-A 9th"]
[Site "Santa Eulalia de Roncana"]
[Date "2015.10.31"]
[Round "4"]
[White "Gonzalez Cominelli, Alejo Gabriel"]
[Black "Lopez Santana, Oscar"]
[Result "0-1"]
[WhiteElo "1941"]
[BlackElo "2274"]
[PlyCount "62"]
[EventDate "2015.10.03"]
[EventType "swiss"]
[EventRounds "8"]
[EventCountry "ESP"]
[SourceTitle "EXT 2017"]
[Source "ChessBase"]
[SourceDate "2016.10.25"]
[SourceVersion "1"]
[SourceVersionDate "2016.10.25"]
[SourceQuality "1"]

1. c4 b6 2. Nc3 Bb7 3. e4 e6 4. Nge2 c5 5. d4 cxd4 6. Nxd4 Bb4 7. Ndb5 Nf6 8. Bg5 Bxe4 9. Bxf6 Qxf6 10. f3 Bc6 11. Nc7+ Kd8 12. Nxa8 Bxc3+ 13. bxc3 Qxc3+ 14. Kf2 Bxa8 15. Be2 Nc6 16. Qd6 Qd4+ 17. Qxd4 Nxd4 18. Rhd1 e5 19. Rab1 Kc7 20. Bd3 f5 21. Rbc1 d6 22. Ke3 Kc6 23. f4 Kc5 24. g3 g6 25. h3 h6 26. Rd2 Re8 27. fxe5 dxe5 28. Kf2 Bc6 29. g4 e4 30. Re2 Nxe2 31. Bxe2 f4 0-1

[Event "Roncana op-A 9th"]
[Site "Santa Eulalia de Roncana"]
[Date "2015.10.24"]
[Round "3"]
[White "Lopez Santana, Oscar"]
[Black "Jordan Garcia, Jose Maria"]
[Result "1/2-1/2"]
[WhiteElo "2274"]
[BlackElo "2014"]
[PlyCount "125"]
[EventDate "2015.10.03"]
[EventType "swiss"]
[EventRounds "8"]
[EventCountry "ESP"]
[SourceTitle "EXT 2017"]
[Source "ChessBase"]
[SourceDate "2016.10.25"]
[SourceVersion "1"]
[SourceVersionDate "2016.10.25"]
[SourceQuality "1"]

1. e4 c5 2. Nf3 d6 3. d4 cxd4 4. Qxd4 Nc6 5. Bb5 Bd7 6. Bxc6 Bxc6 7. Nc3 e5 8. Qd3 Nf6 9. Bg5 Be7 10. 0-0-0 Ng4 11. Be3 0-0 12. h3 Nxe3 13. Qxe3 Qc7 14. Nd5 Bxd5 15. Rxd5 Rac8 16. Qb3 Qc4 17. Re1 a6 18. g3 b5 19. Qxc4 Rxc4 20. h4 Rc6 21. Re2 Rfc8 22. a3 Kf8 23. c3 Bd8 24. Kd2 h6 25. Kd3 Ke7 26. Nd2 Ba5 27. Re3 Bb6 28. Rf3 Rc5 29. Rxc5 dxc5 30. Ke2 Rd8 31. Nf1 c4 32. g4 g6 33. h5 Rd6 34. hxg6 Rxg6 35. Rg3 f6 36. Nh2 Ke6 37. Nf3 Kf7 38. Nh4 Rg5 39. Nf5 h5 40. gxh5 Rxh5 41. Rg7+ Kf8 42. Rb7 Bc5 43. Rc7 Bxf2 44. Kxf2 Rh2+ 45. Ke3 Rxb2 46. Rc6 Kf7 47. Rc7+ Kf8 48. Ne7 Rb3 49. Nd5 Rxa3 50. Rc6 a5 51. Rxf6+ Kg7 52. Rc6 Rb3 53. Kd2 a4 54. Nb4 a3 55. Ra6 Rb2+ 56. Kd1 Rb1+ 57. Kd2 Rb2+ 58. Nc2 a2 59. Kc1 Rb1+ 60. Kd2 Rb2 61. Kc1 Rb1+ 62. Kd2 Rb2 63. Kc1 1/2-1/2

[Event "Roncana op-A 9th"]
[Site "Santa Eulalia de Roncana"]
[Date "2015.10.03"]
[Round "1"]
[White "Lopez Santana, Oscar"]
[Black "Sanz Ogaya, Mario"]
[Result "1/2-1/2"]
[WhiteElo "2274"]
[BlackElo "2004"]
[PlyCount "74"]
[EventDate "2015.10.03"]
[EventType "swiss"]
[EventRounds "8"]
[EventCountry "ESP"]
[SourceTitle "EXT 2017"]
[Source "ChessBase"]
[SourceDate "2016.10.25"]
[SourceVersion "1"]
[SourceVersionDate "2016.10.25"]
[SourceQuality "1"]

1. e4 c5 2. Nf3 Nc6 3. Bb5 g6 4. Bxc6 dxc6 5. d3 Bg7 6. 0-0 Nf6 7. Nbd2 0-0 8. a4 Be6 9. a5 Qc7 10. h3 h6 11. Qe2 Nh5 12. Nc4 Bxc4 13. dxc4 Nf4 14. Qe3 Ne6 15. e5 Nd4 16. Nxd4 cxd4 17. Qe4 Qxe5 18. Qxe5 Bxe5 19. Bxh6 Rfe8 20. Ra3 Rad8 21. Rb3 Rd7 22. f4 Bf6 23. f5 Kh7 24. Bd2 Kg7 25. Bb4 e5 26. fxe6 fxe6 27. Bc5 a6 28. Re1 e5 29. Re4 Rh8 30. Kf2 Kf7 31. Rd3 Rh5 32. g4 Rh8 33. c3 Rhd8 34. Bb6 Rh8 35. cxd4 exd4 36. b3 Bh4+ 37. Kg2 Bf6 1/2-1/2

[Event "Catalunya-chT Gp1"]
[Site "Barcelona"]
[Date "2015.02.14"]
[Round "4.2"]
[White "Prat Llables, Joan"]
[Black "Lopez Santana, Oscar"]
[Result "0-1"]
[WhiteElo "2199"]
[BlackElo "2187"]
[PlyCount "118"]
[EventDate "2015.01.24"]
[EventType "team-tourn"]
[EventRounds "7"]
[EventCountry "ESP"]
[SourceTitle "CBM 164 Extra"]
[Source "ChessBase"]
[SourceDate "2015.03.02"]
[SourceVersion "1"]
[SourceVersionDate "2015.03.02"]
[SourceQuality "1"]
[WhiteTeam "Tres Peons"]
[BlackTeam "Foment Martinenc"]
[WhiteTeamCountry "ESP"]
[BlackTeamCountry "ESP"]

1. e4 e6 2. d4 d5 3. e5 c5 4. c3 Nc6 5. Nf3 Qb6 6. a3 Nh6 7. b4 cxd4 8. cxd4 Nf5 9. Bb2 Bd7 10. g4 Nfe7 11. Nc3 h5 12. Na4 Qd8 13. Nc5 Bc8 14. g5 b6 15. Nb3 Ng6 16. Rc1 Nce7 17. h4 Nf5 18. Qd2 Be7 19. Bd3 Nfxh4 20. Nxh4 Nxh4 21. Bb5+ Kf8 22. Rxh4 Bxg5 23. Rf4 Bd7 24. Bf1 Ba4 25. Rc3 Rc8 26. Rcf3 Kg8 27. Qd3 Bxf4 28. Rxf4 Qc7 29. Kd2 Bb5 30. Qxb5 Qc2+ 31. Ke3 Qxb3+ 32. Bd3 Qxb2 33. Rxf7 Qc1+ 34. Kf3 Qc6 35. Qxc6 Rxc6 36. Rxa7 g5 37. Kg2 Rc3 38. Ra8+ Kg7 39. Ra7+ Kh6 40. Bb1 g4 41. Re7 Rf8 42. Rxe6+ Kg5 43. Rg6+ Kh4 44. Rxb6 Rxa3 45. Rf6 Rxf6 46. exf6 Kg5 47. f7 Rf3 48. Ba2 Rxf7 49. Bxd5 Rd7 50. Bc6 Rxd4 51. b5 Rb4 52. Kg3 h4+ 53. Kg2 Kf4 54. Kg1 Rb1+ 55. Kg2 h3+ 56. Kh2 Rf1 57. b6 Rxf2+ 58. Kg1 Rb2 59. b7 g3 0-1

[Event "Catalunya-chT"]
[Site "Catalunya"]
[Date "2014.03.08"]
[Round "7.2"]
[White "Gorgues Mateu, David"]
[Black "Lopez Santana, Oscar"]
[Result "1-0"]
[WhiteElo "1738"]
[BlackElo "2187"]
[PlyCount "45"]
[EventDate "2014.01.25"]
[EventType "team"]
[EventRounds "11"]
[EventCountry "ESP"]
[SourceTitle "EXT 2015"]
[Source "ChessBase"]
[SourceDate "2014.11.20"]
[SourceVersion "1"]
[SourceVersionDate "2014.11.20"]
[SourceQuality "1"]
[WhiteTeam "Andorra"]
[BlackTeam "Foment Martinenc"]
[WhiteTeamCountry "AND"]
[BlackTeamCountry "ESP"]

1. e4 e6 2. Nf3 d5 3. exd5 exd5 4. d4 Bd6 5. Bd3 Nc6 6. c3 Bg4 7. 0-0 Nge7 8. Bg5 Qd7 9. Nbd2 0-0-0 10. b4 Rde8 11. Qa4 Kb8 12. b5 Nd8 13. Ne5 Qc8 14. Be3 Bf5 15. c4 f6 16. Rab1 Bxd3 17. Nxd3 dxc4 18. Nxc4 Nd5 19. Rfc1 Qd7 20. Nc5 Qe7 21. b6 Bxc5 22. Qxa7+ Kc8 23. dxc5 1-0